Score 0/15 Timer 02:00
1 Play Today
% Correct
Lord of the Rings
94.4%
Star Wars
88.7%
Harry Potter
81.4%
Marvel Cinematic Universe
76.7%
Star Trek
74.4%
Hunger Games
71.9%
DC Extended Universe
64.3%
Transformers
63.1%
% Correct
X-Men
62.2%
Rocky
60.9%
Fast and the Furious
58.7%
Jurassic Park
50%
Twilight
49.5%
Pirates of the Caribbean
48.2%
Mission: Impossible
42.1%
Remove Ads.
Support Sporcle.
Get the best of Sporcle when you Go Orange. This ad-free experience offers more features, more stats, and more fun while also helping to support Sporcle. Thank you for becoming a member.

You're not logged in!

Compare scores with friends on all Sporcle quizzes.
OR
Log In

Show Comments

Extras

Top Quizzes Today


Score Distribution

Your Account Isn't Verified!

In order to create a playlist on Sporcle, you need to verify the email address you used during registration. Go to your Sporcle Settings to finish the process.

Report this User

Report this user for behavior that violates our Community Guidelines.

Details: